US Presidents by Initials - Statistics

General Stats
  • This quiz has been taken 40 times
  • The average score is 35 of 46
Answer Stats
initials president % Correct
G.W. George Washington
100%
J.A. John Adams
94%
J.Q.A John Quincy Adams
94%
B.O. Barack Obama
91%
D.J.T. Donald J. Trump
91%
G.W.B. George W. Bush
91%
J.R.B. Joe R. Biden Jr.
91%
J.F.K. John F. Kennedy
91%
A.L. Abraham Lincoln
88%
A.J. Andrew Jackson
88%
F.D.R. Franklin D. Roosevelt
88%
G.H.W.B. George H.W. Bush
88%
T.J. Thomas Jefferson
88%
A.J. Andrew Johnson
85%
J.C. Jimmy Carter
85%
R.M.N. Richard M. Nixon
85%
R.R. Ronald Reagan
85%
T.R. Theodore Roosevelt
85%
W.J.C. William J. Clinton
85%
D.D.E. Dwight D. Eisenhower
82%
H.S.T. Harry S. Truman
82%
H.H. Herbert Hoover
82%
J.M. James Madison
82%
L.B.J. Lyndon B. Johnson
82%
U.S.G. Ulysses S. Grant
82%
G.R.F. Gerald R. Ford
79%
J.M. James Monroe
79%
W.W. Woodrow Wilson
74%
Z.T. Zachary Taylor
74%
C.C. Calvin Coolidge
68%
M.V.B. Martin Van Buren
68%
G.C. Grover Cleveland
65%
G.C. Grover Cleveland
65%
J.K.P. James K. Polk
65%
W.H.H. William Henry Harrison
65%
J.G. James Garfield
62%
B.H. Benjamin Harrison
59%
F.P. Franklin Pierce
59%
J.T. John Tyler
59%
M.F. Millard Fillmore
59%
W.G.H. Warren G. Harding
59%
W.H.T. William Howard Taft
56%
J.B. James Buchanan
53%
W.M. William McKinley
53%
C.A.A. Chester A. Arthur
47%
R.B.H. Rutherford B. Hayes
44%
No matching quizzes found
Score Distribution
Percent of People with Each Score
Percentile by Number Answered
Your Score History
You have not taken this quiz